Funeral songs for dying girls / (Record no. 128436)
[ view plain ]
| 000 -LEADER | |
|---|---|
| fixed length control field | 01615nam a2200385 a 4500 |
| 001 - CONTROL NUMBER | |
| control field | fol20608274 |
| 003 - CONTROL NUMBER IDENTIFIER | |
| control field | ICrlF |
| 005 - DATE AND TIME OF LATEST TRANSACTION | |
| control field | 20250904223841.0 |
| 008 - FIXED-LENGTH DATA ELEMENTS--GENERAL INFORMATION | |
| fixed length control field | 230315s2023 onc d 000 1 eng d |
| 010 ## - LIBRARY OF CONGRESS CONTROL NUMBER | |
| LC control number | 2021949250 |
| 020 ## - INTERNATIONAL STANDARD BOOK NUMBER | |
| International Standard Book Number | 9780735265639 |
| 035 ## - SYSTEM CONTROL NUMBER | |
| System control number | (ICrlF)2562FA |
| 040 ## - CATALOGING SOURCE | |
| Original cataloging agency | ICrlF |
| Language of cataloging | eng |
| Transcribing agency | ICrlF |
| Modifying agency | ICrlF |
| 050 #4 - LIBRARY OF CONGRESS CALL NUMBER | |
| Classification number | PZ7.1.D5638 |
| Item number | Fu 2023 |
| 082 04 - DEWEY DECIMAL CLASSIFICATION NUMBER | |
| Classification number | [Fic] |
| Edition number | 23 |
| 100 1# - MAIN ENTRY--PERSONAL NAME | |
| Personal name | Dimaline, Cherie, |
| Dates associated with a name | 1975- |
| 9 (RLIN) | 40331 |
| 245 10 - TITLE STATEMENT | |
| Title | Funeral songs for dying girls / |
| Statement of responsibility, etc | Cherie Dimaline. |
| 260 ## - PUBLICATION, DISTRIBUTION, ETC. (IMPRINT) | |
| Place of publication, distribution, etc | [Toronto, Ont.] : |
| Name of publisher, distributor, etc | Tundra, |
| Date of publication, distribution, etc | [2023] |
| 300 ## - PHYSICAL DESCRIPTION | |
| Extent | 271 p. ; |
| Dimensions | 22 cm. |
| 510 3# - CITATION/REFERENCES NOTE | |
| Name of source | Bulletin of the Center for Children's Books starre, March 2023 |
| 510 3# - CITATION/REFERENCES NOTE | |
| Name of source | Publishers Weekly, February 2023 |
| 510 3# - CITATION/REFERENCES NOTE | |
| Name of source | Kirkus Starred, February 2023 |
| 510 3# - CITATION/REFERENCES NOTE | |
| Name of source | Horn Book, March 2023 |
| 520 ## - SUMMARY, ETC. | |
| Summary, etc | "To save her father's job at the crematorium and the only home she's ever known, Winifred and her con-artist cousin start offering ghost tours until Winifred meets an actual ghost who causes her to question everything she believes about life, love, and death"--OCLC. |
| 521 2# - TARGET AUDIENCE NOTE | |
| Target audience note | Young Adult |
| Source | Follett School Solutions. |
| 521 8# - TARGET AUDIENCE NOTE | |
| Target audience note | HL800 |
| Source | Lexile. |
| 650 #0 - SUBJECT ADDED ENTRY--TOPICAL TERM | |
| Topical term or geographic name as entry element | Cemeteries |
| Form subdivision | Juvenile fiction. |
| 9 (RLIN) | 370 |
| 650 #0 - SUBJECT ADDED ENTRY--TOPICAL TERM | |
| Topical term or geographic name as entry element | Fathers and daughters |
| Form subdivision | Juvenile fiction. |
| 650 #1 - SUBJECT ADDED ENTRY--TOPICAL TERM | |
| Topical term or geographic name as entry element | Ghosts |
| Form subdivision | Fiction. |
| 650 #1 - SUBJECT ADDED ENTRY--TOPICAL TERM | |
| Topical term or geographic name as entry element | Cemeteries |
| Form subdivision | Fiction. |
| 9 (RLIN) | 7156 |
| 650 #1 - SUBJECT ADDED ENTRY--TOPICAL TERM | |
| Topical term or geographic name as entry element | Fathers and daughters |
| Form subdivision | Fiction. |
| 655 #7 - INDEX TERM--GENRE/FORM | |
| Genre/form data or focus term | Ghost stories. |
| Source of term | lcgft |
| 940 ## - EQUIVALENCE OR CROSS-REFERENCE--UNIFORM TITLE [OBSOLETE] [CAN/MARC only] | |
| -- | Young Adult |
| Date of treaty signing | 08/17/23 |
| Version | Bulletin of the Center for Children's Books starre, March 2023 |
| -- | Publishers Weekly, February 2023 |
| -- | Kirkus Starred, February 2023 |
| -- | FSS |
| 942 ## - ADDED ENTRY ELEMENTS (KOHA) | |
| Koha item type | Book |
| Withdrawn status | Lost status | Source of classification or shelving scheme | Damaged status | Not for loan | Home library | Current library | Shelving location | Date acquired | Total Checkouts | Full call number | Barcode | Date last seen | Date checked out | Cost, replacement price | Price effective from | Koha item type |
|---|---|---|---|---|---|---|---|---|---|---|---|---|---|---|---|---|
| Available | Dewey Decimal Classification | Martha's Vineyard High School Library | Martha's Vineyard High School Library | HORROR | 09/01/2023 | 3 | FIC DIM | 39844500061405 | 07/02/2025 | 01/31/2025 | 18.00 | 09/01/2023 | Book |
